2023 Songs - Statistics

General Stats
  • This quiz has been taken 15 times
  • The average score is 9 of 37
Answer Stats
Artist(s) Song % Correct
Nicki Minaj, Ice Spice & Aqua Barbie World
100%
PinkPantheress & Ice Spice Boy's A Liar Pt. 2
67%
Dua Lipa Dance The Night
67%
Miley Cyrus Flowers
67%
Calvin Harris & Ellie Goulding Miracle
67%
Coi Leray Players
67%
Lil Durk ft. J. Cole All My Life
33%
Post Malone Chemical
33%
Metro Boomin, The Weeknd & 21 Savage Creepin'
33%
David Kushner Daylight
33%
The Weeknd & Ariana Grande Die For You (Remix)
33%
Ed Sheeran Eyes Closed
33%
Sam Smith I'm Not Here To Make Friends
33%
Taylor Swift Karma
33%
SZA Kill Bill
33%
Morgan Wallen Last Night
33%
Taylor Swift Lavender Haze
33%
Meghan Trainor Mother
33%
Troye Sivan Rush
33%
PNAU, Bebe Rexha & Ozuna Stars
33%
Lost Frequencies, Elley Duhé & X Ambassadors Back To You
0%
Zara Larsson Can't Tame Her
0%
Ed Sheeran Curtains
0%
Stephen Sanchez Evangeline
0%
Toosii Favorite Song
0%
Lainey Wilson Heart Like A Truck
0%
Bebe Rexha Heart Wants What It Wants
0%
Martin Garrix & JVKE Hero
0%
Miley Cyrus Jaded
0%
Linkin Park Lost
0%
Ava Max One Of Us
0%
Libianca People
0%
Big Boss Vette Pretty Girls Walk
0%
Ice Spice & Nicki Minaj Princess Diana
0%
Karol G & Shakira TQG
0%
Karol G ft. Aldo Ranks Watati
0%
Jax Jones & Calum Scott Whistle
0%
No matching quizzes found
Score Distribution
Percent of People with Each Score
Percentile by Number Answered
Your Score History
You have not taken this quiz